| 000 | 00516nam a22001697a 4500 | ||
|---|---|---|---|
| 999 |
_c8666 _d8666 |
||
| 008 | 201209b ||||| |||| 00| 0 eng d | ||
| 040 | _aBMS College of Architecture | ||
| 100 | _aH D, Supriya | ||
| 245 | _aCentre for small pets and strayas | ||
| 300 | _aiv,51p. | ||
| 500 | _a1BM11AT071 | ||
| 502 |
_8B,Arch _NBMS College of Architecture, Visvesvaraya Technological University (VTU) _aProject report _d2016 |
||
| 650 | _aNA | ||
| 700 |
_aBhaghyalaxmi M _eGuide |
||
| 700 |
_aAmresh Hati _eGuide |
||
| 942 |
_2ddc _cTHE |
||